Statystyki dla Największe miasta w Rosji

Kliknij tutaj aby rozwiązać quiz!

Ogólne statystyki

  • Ten quiz został rozwiązany 1 347 razy
  • Średni wynik to 10 z 20

Statystyki odpowiedzi

PopulacjaMiasto% Poprawnych
12,480,481Moskwa
100%
5,398,064Sankt Petersburg
96%
1,257,391Kazań
68%
1,008,998Wołgograd
68%
1,625,631Nowosybirsk
56%
1,252,236Niżny Nowogród
55%
1,137,904Rostów nad Donem
55%
1,154,507Omsk
54%
1,128,787Ufa
53%
1,156,659Samara
52%
1,493,749Jekaterynburg
50%
1,055,397Perm
45%
932,629Krasnodar
44%
1,196,680Czelabińsk
36%
1,058,261Woroneż
34%
1,093,771Krasnojarsk
31%
838,042Saratów
24%
807,271Tiumeń
13%
648,146Iżewsk
10%
699,429Togliatti
8%

Rozkład punktacji

Percentyl według liczby udzielonych odpowiedzi

Procent ludzi z każdym wynikiem

Twoja historia wyników

Nie rozwiązałeś tego quizu